| 000 | 00597cam a2200205 a 4500 | ||
|---|---|---|---|
| 001 | 000001563 | ||
| 003 | DO-SdBNP | ||
| 005 | 20250701130823.0 | ||
| 008 | 851011s1984 cu a f001 0 spa d | ||
| 040 |
_aDO-SdBNP _cDLC _dDLC _dBNPHU |
||
| 049 | _aBNGR | ||
| 082 |
_a378.7291 _bE24s |
||
| 245 | 0 | 3 | _aLa Educación superior en Cuba. |
| 260 |
_aLa Habana : _bMinisterio de Educación Superior, _c1984. |
||
| 300 |
_a141 p. : _bil. ; _c29 cm. |
||
| 650 | 7 |
_aEducación superior _zCuba _9736 _2LEMB |
|
| 650 | 4 |
_aUniversidades _zCuba _95123 |
|
| 910 | _aCatalogación por copia / LC | ||
| 942 |
_2ddc _cLBS1 |
||
| 999 |
_c1462 _d1462 |
||